• 首页
  • 本馆介绍
  • 公告通知
  • 最新文献
  • 馆藏检索
  • 电子资源
  • 读者导购
  • 参考咨询
  • 我的图书馆
  • 登录
  • 详细信息显示
  • 放入我的书架
  • 预约/预借图书
  • 作者相关作品
  • 分类相关作品
  • 丛书相关作品
  • 出版社相关作品

书目信息

  • 表格格式
  • 工作单格式
  • 卡片格式
题名:
眼科护理
    
 
作者: 中山医学院附属眼科医院《眼科护理》编写组编
分册:  
出版信息: 上海   上海科学技术出版社  1980
页数: 171页
开本: 19cm
丛书名:
单 册:
中图分类: R473.77
科图分类:
主题词: 眼科学:护理学 , 护理学:眼科学
电子资源:
ISBN: 14119.1383
000 00619nam0 2200229 450
001 0180009315
005 20100712215857.0
010    @a14119.1383@dCNY0.48
091    @a14119.1383
100    @a19950623d1980 em y0chiy0110 ea
101 0  @achi
102    @aCN@b310000
105    @ay z 000yy
106    @ar
200 1  @a眼科护理@9Yan Ke Hu Li @f中山医学院附属眼科医院《眼科护理》编写组编
210    @a上海@c上海科学技术出版社@d1980
215    @a171页@d19cm
606 0  @a眼科学:护理学
606 0  @a护理学:眼科学
690    @aR473.77@v3
801  0 @aCN@bAzMarc@c20130904
905    @aBZT@dR473.77@e1@f10@sR473.77/1
    
    眼科护理/中山医学院附属眼科医院《眼科护理》编写组编.-上海:上海科学技术出版社,1980
    171页;19cm
    
    
    ISBN 14119.1383:CNY0.48
    
●
相关链接 在五车中查询图书 在当当中查询图书 在豆瓣中查询图书


正题名:眼科护理     索取号:R473.77/1         预约/预借

序号 登录号 条形码 馆藏地/架位号 状态 备注
1 2000046030   2000046030   旧书回溯/ [索取号:R473.77/1] 在馆    
2 2000048150   2000048150   旧书回溯/ [索取号:R473.77/1] 在馆    
3 2000145089   2000145089   旧书回溯/ [索取号:R473.77/1] 在馆    
4 2000145090   2000145090   旧书回溯/ [索取号:R473.77/1] 在馆    
5 2000145091   2000145091   旧书回溯/ [索取号:R473.77/1] 在馆    
6 2000145092   2000145092   旧书回溯/ [索取号:R473.77/1] 在馆    
7 2000145093   2000145093   旧书回溯/ [索取号:R473.77/1] 在馆    
8 2000147264   2000147264   旧书回溯/ [索取号:R473.77/1] 在馆    
9 2000147265   2000147265   旧书回溯/ [索取号:R473.77/1] 在馆    
10 2000147266   2000147266   旧书回溯/ [索取号:R473.77/1] 在馆    
山东省滨州职业学院图书馆 欢迎您!
大连网信软件有限公司© 版权所有